000 00736nam a2200241Ia 4500
999 _c6129
_d6129
001 40622522
003 OCoLC
005 20190115194004.0
008 990114s1993 cau 000 0 eng d
020 _a0916847152
040 _aZFY
_cZFY
_dBSC
082 _a248.8
_bH418m
092 _a248.842
_bH418mww
100 1 _aHayford, Jack W.
245 1 2 _aA man's worship and witness :
_ba study of how God's Kingdom comes to and through men /
_cby Jack W. Hayford.
260 _aVan Nuys, Calif. :
_bLiving Way Ministries,
_c1993.
300 _a95 p. ;
_c18 cm.
440 4 _aThe Power to become series ;
_v6
630 0 0 _aBible.
_pO.T.
_pPsalms
_xDevotional use.
650 0 _aMen
_xReligious Life.
650 0 _aWorship.
942 _2ddc
_cBK